000 00528nam a22001817a 4500
005 20260115154733.0
010 _aENG-147491
020 _a9789349042711
_c150.00
035 _aEN-131023
037 _bDBAD
082 _a881
_21
100 _aTagore, Rabindranath
_986442
245 _aGitanjali/
_cRabindranath Tagore
260 _aChandigarh
_bThe Browser
_c2025
270 _bChandigarh
_aSCO 14-15, Sector 8-C
_e160009
_mservice@thebrowser.org
300 _a103p.
_c20cm(pb)
942 _2ddc
_cEN
_h881
_mTAG
999 _c214180
_d214180